Statistics for Smallest Asian Countries by Population and Area

Click here to take the quiz!

General Stats

  • This quiz has been taken 48 times
  • The average score is 14 of 16

Answer Stats

Country% Correct
Bahrain
100%
Brunei
98%
Maldives
93%
Singapore
93%
Qatar
93%
Bhutan
93%
Lebanon
89%
East Timor
87%
Armenia
87%
Kuwait
84%
Israel
84%
Cyprus
80%
Georgia
80%
Taiwan
73%
Oman
69%
Mongolia
56%

Score Distribution

Percentile by Number Answered

Percent of People with Each Score

Your Score History

You have not taken this quiz